000 01193nam a22002657a 4500
003 OSt
005 20240424113025.0
007 cr ||||||a|c|a
008 221208s mx ado|fom||| 001 0 spa d
040 _erda
100 1 _9129399
_aVélez Torres, Álvaro
245 1 _aAutoorganización y apropiación del espacio urbano con agricultura usando modelos de simulación basados en agentes /
_cpor Álvaro Vélez Torres; director de tesis Ricardo David Valdez Cepeda
264 1 _aChapingo, México :
_bEl autor,
_c2020.
300 _a1 recurso en línea (183 páginas).
336 _2rdacontent
_atexto
_btxt
337 _2rdamedia
_acomputadora
_bc
338 _2rdacarrier
_arecurso en línea
_bcr
502 _bDCDRR
_cCentros Regionales
_d2020.
_gDOC
504 _aIncluye referencias bibliográficas: páginas 30-33, 61-64, 92-94, 118-120, 148-151, 162-172
650 4 _9161839
_aAprendizaje organizacional
650 4 _9157271
_aComportamiento organizacional
700 1 _9117269
_aValdez Cepeda, Ricardo David
_eDirector de tesis
856 _uhttp://10.13.5.2/tesis/td/2020_CR_Velez_Torres_Alvaro.pdf
_zDESCARGAR PDF
942 _2Clasificación Universidad Autónoma Chapingo
_cTD
999 _c217957
_d217957